| 000 | 00849nam a2200217 a 4500 | ||
|---|---|---|---|
| 001 | 56331 | ||
| 003 | BD-RjUL | ||
| 005 | 20211209080401.0 | ||
| 008 | 161128s1961 ii ||||| |||| 001 0 ben d | ||
| 035 | _a(BD-RjUL)56455 | ||
| 040 |
_aBD-RjUL _bben _cBD-RjUL _dBD-RjUL |
||
| 041 | _aben | ||
| 082 |
_223 _a891.441 _bVAI 1961 |
||
| 245 | 0 | 0 |
_aবৈষ্ণব পদাবলী / _cহরেকৃষ্ণ মুখোপাধ্যায় সম্পাদিত |
| 260 |
_aকলিকাতা : _bসাহিত্য সংসদ, _c১৯৬১ |
||
| 300 |
_a[১৮], ১১৯৪ পৃ. ; _c২২ সেমি. |
||
| 650 |
_aবাংলা কবিতা _9129466 |
||
| 650 |
_aBengali Poetry _9129467 |
||
| 700 |
_aমুখোপাধ্যায়, হরেকৃষ্ণ, সম্পাদক _9118877 |
||
| 942 |
_2ddc _cBK _01 |
||
| 999 |
_c56331 _d56331 |
||